000 01793nam a22001577a 4500
041 _aukr
080 _a09
090 _bТИШ
100 _aТишко О. В.
245 _aСемантико-функціональні особливості висловлювлювань, що передають подяку в англійській мові
260 _aОстрог
_bКАФ
_c2003
300 _a74
520 _aРозділ 1. Комунікативні особливості етикетних висловлювань 1.1 Компоненти культури іншомовного спілкування 1.2 Мовленнєвий етикет у сучасному мовленні 1.3 Характеристики мовленнєвого етикету у системі сучасної англійської мови Розділ 2. Діалогічна єдність "Подяка і реакція на неї" як комунікативна одиниця англійського діалогічного мовлення 2.1 Загальні риси англійського висловлювання подяки 2.2 Структурно-семантичний аналіз однокомпонентних багатокомпонентних реплік-подяк 2.3 Функціональна спрямованість, прагматичні, лінгвістичні та стилістичні особливості англійського висловлювання подяки 2.4 Структурно-семантичний аналіз репліки-реакції в досліджуваній діалогічній єдності
_0стилістика, комунікація, подяка
650 _aResearch Papers
999 _c281866
_d281866
942 _cBK